00449nmm a2200157Ia 4500008004100000020001800041041000800059100002100067245002000088264008000108300001600188650001200204856005100216942000700267999001700274251105s9999||||xx |||||||||||||||||und|| a9788468704227 aspa aRogers, Rosemary 0aIntriga de amor a[Madrid, España] :bHarlequin, c[Fecha de publicación no identificada] a0 páginas aRomance uhttps://public.digitaliapublishing.com/a/90424 cCF c83876d83876